000 00292nam a2200109Ia 4500
008 200302s9999 xx 000 0 und d
100 _aPeter King
245 _aPrivate dwelling contemplating the use of housing
260 _bTaylor and Francis Group Publishing
260 _c2004
300 _a194
999 _c6464
_d6464